Представление документа в формате MARC21

Поле Инд. ПП Название Значение
Тип записи a
Библиографический уровень a
001 Контрольный номер RU/IS/BASE/348386308
005 Дата корректировки 20150513113613.3
040 a Служба первич. каталог. НБ ТвГУ
b Код языка каталог. rus
e Правила каталог. PSBO
041 0_ a Код языка текста rus
100 1_ a Автор Суменкова И. К.
245 10 a Заглавие О технологии психологической поддержки учащихся коррекционной школы в группе продленного дня
260 a Место издания Тверь
c Дата издания 2010
b Издательство Тверской государственный университет
520 a Аннотация О книге Г. Ю. Ксензовой "Психология труда учителя" (Тверь, 2004)
653 a Ключевые слова Группы продленного дня
a Ключевые слова Индивидуальный подход
a Ключевые слова Коррекционная педагогика
a Ключевые слова Ксензова, Галина Юрьевна, о ней
a Ключевые слова Нарушение развития
a Ключевые слова Проблемные дети
a Ключевые слова Психология труда учителя
a Ключевые слова Развивающая педагогика
773 08 w Контрольный № источника RU/IS/BASE/337273469
t Название источника Современная коррекционная школа: проблемы и перспективы
d Место и дата издания Тверь : Тверской государственный университет, 2010
g Прочая информация С. 92-94
901 t Тип документа a
920 a Оператор Козл
954 a Дата поступления на обработку 20110115